<?xml version="1.0" encoding="UTF-8"?>
<record
    xmlns:xsi="http://www.w3.org/2001/XMLSchema-instance"
    xsi:schemaLocation="http://www.loc.gov/MARC21/slim http://www.loc.gov/standards/marcxml/schema/MARC21slim.xsd"
    xmlns="http://www.loc.gov/MARC21/slim">

  <leader>00318nam a22001457a 4500</leader>
  <controlfield tag="003">SGT</controlfield>
  <datafield tag="082" ind1=" " ind2=" ">
    <subfield code="a">615.1</subfield>
    <subfield code="b">C01C</subfield>
  </datafield>
  <datafield tag="100" ind1=" " ind2=" ">
    <subfield code="a">CHITKARA,H.L.</subfield>
  </datafield>
  <datafield tag="245" ind1=" " ind2=" ">
    <subfield code="a">COMPREHENSIVE HOMEOPATHIC MATERIA MEDICA</subfield>
  </datafield>
  <datafield tag="250" ind1=" " ind2=" ">
    <subfield code="a">4TH</subfield>
  </datafield>
  <datafield tag="260" ind1=" " ind2=" ">
    <subfield code="a">INDIA</subfield>
    <subfield code="b">B JAIN PUB</subfield>
    <subfield code="c">2001</subfield>
  </datafield>
  <datafield tag="300" ind1=" " ind2=" ">
    <subfield code="a">692</subfield>
  </datafield>
  <datafield tag="650" ind1=" " ind2=" ">
    <subfield code="a">HOMEOPATHIC</subfield>
  </datafield>
  <datafield tag="942" ind1=" " ind2=" ">
    <subfield code="2">ddc</subfield>
    <subfield code="c">BK</subfield>
  </datafield>
  <datafield tag="952" ind1=" " ind2=" ">
    <subfield code="0">0</subfield>
    <subfield code="1">0</subfield>
    <subfield code="2">ddc</subfield>
    <subfield code="4">0</subfield>
    <subfield code="7">0</subfield>
    <subfield code="a">FH</subfield>
    <subfield code="b">FH</subfield>
    <subfield code="c">TXT</subfield>
    <subfield code="d">2020-07-22</subfield>
    <subfield code="e">AHUJA PUB</subfield>
    <subfield code="g">379.00</subfield>
    <subfield code="i">SGTU</subfield>
    <subfield code="l">0</subfield>
    <subfield code="o">615.1 C01C</subfield>
    <subfield code="p">FH1476</subfield>
    <subfield code="r">2020-07-22 00:00:00</subfield>
    <subfield code="w">2016-08-09</subfield>
    <subfield code="y">BK</subfield>
    <subfield code="k">7135</subfield>
  </datafield>
  <datafield tag="952" ind1=" " ind2=" ">
    <subfield code="0">0</subfield>
    <subfield code="1">0</subfield>
    <subfield code="2">ddc</subfield>
    <subfield code="4">0</subfield>
    <subfield code="7">0</subfield>
    <subfield code="a">FH</subfield>
    <subfield code="b">FH</subfield>
    <subfield code="c">TXT</subfield>
    <subfield code="d">2020-07-22</subfield>
    <subfield code="e">AHUJA PUB</subfield>
    <subfield code="g">379.00</subfield>
    <subfield code="i">SGTU</subfield>
    <subfield code="l">0</subfield>
    <subfield code="o">615.1 C01C</subfield>
    <subfield code="p">FH1477</subfield>
    <subfield code="r">2020-07-22 00:00:00</subfield>
    <subfield code="w">2016-08-09</subfield>
    <subfield code="y">BK</subfield>
    <subfield code="k">7135</subfield>
  </datafield>
  <datafield tag="952" ind1=" " ind2=" ">
    <subfield code="0">0</subfield>
    <subfield code="1">0</subfield>
    <subfield code="2">ddc</subfield>
    <subfield code="4">0</subfield>
    <subfield code="7">0</subfield>
    <subfield code="a">FH</subfield>
    <subfield code="b">FH</subfield>
    <subfield code="c">TXT</subfield>
    <subfield code="d">2020-07-22</subfield>
    <subfield code="e">AHUJA PUB</subfield>
    <subfield code="g">379.00</subfield>
    <subfield code="i">SGTU</subfield>
    <subfield code="l">0</subfield>
    <subfield code="o">615.1 C01C</subfield>
    <subfield code="p">FH1478</subfield>
    <subfield code="r">2020-07-22 00:00:00</subfield>
    <subfield code="w">2016-08-09</subfield>
    <subfield code="y">BK</subfield>
    <subfield code="k">7135</subfield>
  </datafield>
  <datafield tag="952" ind1=" " ind2=" ">
    <subfield code="0">0</subfield>
    <subfield code="1">0</subfield>
    <subfield code="2">ddc</subfield>
    <subfield code="4">0</subfield>
    <subfield code="7">0</subfield>
    <subfield code="a">FH</subfield>
    <subfield code="b">FH</subfield>
    <subfield code="c">TXT</subfield>
    <subfield code="d">2020-07-22</subfield>
    <subfield code="e">AHUJA PUB</subfield>
    <subfield code="g">379.00</subfield>
    <subfield code="i">SGTU</subfield>
    <subfield code="l">0</subfield>
    <subfield code="o">615.1 C01C</subfield>
    <subfield code="p">FH1479</subfield>
    <subfield code="r">2020-07-22 00:00:00</subfield>
    <subfield code="w">2016-08-09</subfield>
    <subfield code="y">BK</subfield>
    <subfield code="k">7135</subfield>
  </datafield>
  <datafield tag="952" ind1=" " ind2=" ">
    <subfield code="0">0</subfield>
    <subfield code="1">0</subfield>
    <subfield code="2">ddc</subfield>
    <subfield code="4">0</subfield>
    <subfield code="7">0</subfield>
    <subfield code="a">FH</subfield>
    <subfield code="b">FH</subfield>
    <subfield code="c">TXT</subfield>
    <subfield code="d">2020-07-22</subfield>
    <subfield code="e">AHUJA PUB</subfield>
    <subfield code="g">379.00</subfield>
    <subfield code="i">SGTU</subfield>
    <subfield code="l">0</subfield>
    <subfield code="o">615.1 C01C</subfield>
    <subfield code="p">FH1480</subfield>
    <subfield code="r">2020-07-22 00:00:00</subfield>
    <subfield code="w">2016-08-09</subfield>
    <subfield code="y">BK</subfield>
    <subfield code="k">7135</subfield>
  </datafield>
  <datafield tag="999" ind1=" " ind2=" ">
    <subfield code="c">20366</subfield>
    <subfield code="d">20366</subfield>
  </datafield>
</record>
